100 Videogiochi più famosi di sempre - Statistics

Statistiche generali
  • Questo quiz è stato fatto 228 volte
  • Il punteggio medio è 31 su 100
Statistiche sulle risposte
Anno di Uscita Videogioco % Corretto
2001 Grand Theft Auto III
84%
2008 Grand Theft Auto IV
84%
2004 Grand Theft Auto: San Andreas
84%
2013 Grand Theft Auto V
84%
2002 Grand Theft Auto: Vice City
84%
2009 Minecraft
72%
2007 Call of Duty 4: Modern Warfare
68%
2010 Call of Duty: Black Ops
68%
2012 Call of Duty: Black Ops II
68%
2013 Call of Duty: Ghosts
68%
2009 Call of Duty: Modern Warfare 2
68%
2011 Call of Duty: Modern Warfare 3
68%
2008 Call of Duty: World at War
68%
2017 Fortnite
66%
2013 The Last of Us
60%
2014 The Last of Us: Left Behind
60%
2022 The Last of Us: Part I
60%
2020 The Last of Us: Part II
60%
2007 Assassin's Creed
52%
2005 | 2018 God of War
48%
2007 God of War II
48%
2010 God of War III
48%
2022 God of War Ragnarök
48%
2010 Assassin's Creed: Brotherhood
44%
2009 Assassin's Creed II
44%
2012 Assassin's Creed III
44%
2013 Assassin's Creed IV: Black Flag
44%
2018 Assassin's Creed: Odyssey
44%
2017 Assassin's Creed: Origins
44%
2011 Assassin's Creed: Revelations
44%
2010 Red Dead Redemption
44%
2018 Red Dead Redemption II
44%
1998 The Legend of Zelda: Ocarina of Time
42%
2017 Zeruda no densetsu: Buresu obu za wairudo
42%
2009 Uncharted 2: Among Thieves
36%
2011 Uncharted 3: L'inganno di Drake
36%
2016 Uncharted 4: A Thief's End
36%
2007 Uncharted: Drake's Fortune
36%
2017 Uncharted: The Lost Legacy
36%
2005 Biohazard 4
30%
2020 Marvel's Spider-Man: Miles Morales
30%
2019 Resident Evil 2
30%
2017 Resident Evil 7: Biohazard
30%
2018 Spider-Man
30%
1998 Metal Gear Solid
25%
2004 Metal Gear Solid 3: Snake Eater
25%
2008 Metal Gear Solid 4: Guns of the Patriots
25%
2011 The Elder Scrolls V: Skyrim
25%
2022 Elden Ring
23%
1997 Fainaru fantajî VII
23%
2004 Halo 2
23%
2007 Halo 3
23%
2001 Halo: Combat Evolved
23%
2015 Rise of the Tomb Raider
23%
2013 Tomb Raider
23%
2009 Batman: Arkham Asylum
21%
2011 Batman: Arkham City
21%
2015 Batman: Arkham Knight
21%
2013 Batman: Arkham Origins
21%
2005 Batman Begins
21%
2008 Fallout 3
21%
2015 Fallout 4
21%
2010 Fallout: New Vegas
21%
2017 Horizon Zero Dawn
20%
2012 Far Cry 3
17%
2014 Far Cry 4
17%
2015 Wiedzmin 3: Dziki Gon
17%
2020 Cyberpunk 2077
14%
2020 Ghost of Tsushima
14%
2006 The Elder Scrolls IV: Oblivion
14%
2018 Detroit: Become Human
13%
2010 Mafia II
13%
2014 Watch Dogs
11%
2007 BioShock
10%
2010 BioShock 2
9%
2013 BioShock Infinite
9%
1998 Half-Life
9%
2007 Mass Effect
9%
2010 Mass Effect 2
9%
2012 Mass Effect 3
9%
2007 Portal
9%
2011 Portal 2
9%
2019 Star Wars Jedi: Fallen Order
9%
2019 Death Stranding
7%
2015 Life is Strange
7%
2010 Heavy Rain
5%
2015 Until Dawn
5%
2013 Beyond: Two Souls
4%
2008 Dead Space
3%
2012 Dishonored
3%
2012 The Walking Dead: The Game - Season 1
3%
2011 L.A. Noire
2%
2001 Max Payne
2%
2003 Max Payne 2: The Fall of Max Payne
2%
2012 Max Payne 3
2%
2008 007: Quantum of Solace
1%
2006 Pirati dei Caraibi - La leggenda di Jack Sparrow
1%
2004 Half-Life 2
0%
1998 The Fifth Element
0%
Nessun quiz corrispondente trovato
Distribuzione punteggi
Percentuale di utenti per punteggio
Percentile per numero di risposta
I tuoi punteggi nel tempo
Non hai fatto questo quiz